|
|
|
|
| LEADER |
00711nam a2200241Ia 4500 |
| 008 |
141004s9999 xx 000 0 und d |
| 040 |
|
|
|c a
|
| 041 |
|
|
|a English
|
| 082 |
|
|
|a 577.55
|
| 082 |
|
|
|b DAV/CO
|
| 100 |
|
|
|a David G Green
|
| 245 |
|
|
|a Complexity in landscape Ecology
|
| 245 |
|
|
|c David G Green
|
| 260 |
|
|
|a Amsterdam
|
| 260 |
|
|
|b Springer
|
| 260 |
|
|
|c 2006
|
| 300 |
|
|
|a 208p.
|
| 300 |
|
|
|b 24x17cm.
|
| 365 |
|
|
|a E 179.99
|
| 650 |
|
|
|a Landscape Ecology
|
| 942 |
|
|
|c REF
|
| 999 |
|
|
|c 176957
|d 176957
|
| 952 |
|
|
|0 0
|1 0
|4 0
|6 577_550000000000000_DAV_CO
|7 0
|8 ECO
|9 181890
|a KAUCOF
|b KAUCOF
|g 0.00
|o 577.55 DAV/CO
|p KAU_COF-5887
|r 2014-10-04
|w 2014-10-04
|y REF
|